Ballon d'Or - classement 2008 - Statistiques

Statistiques générales
  • Ce quiz a été pris 79 fois
  • Le résultat moyen est 20 sur 25
Statistiques - réponses
Poste Club Nationalité Réponse % Correct
Attaquant Manchester United Portugal 1 Cristiano Ronaldo
100%
Attaquant FC Barcelone Argentine 2 Lionel Messi
100%
Gardien Real Madrid Espagne 4 Iker Casillas
97%
Milieu FC Barcelone Espagne 5 Xavi
97%
Attaquant Liverpool Espagne 3 Fernando Torres
94%
Attaquant Manchester United Angleterre 13 Wayne Rooney
91%
Gardien Juventus Italie 18 Gianluigi Buffon
89%
Attaquant FC Barcelone Cameroun 17 Samuel Eto'o
89%
Défenseur Real Madrid Espagne 22 Sergio Ramos
89%
Attaquant Inter Milan Suède 9 Zlatan Ibrahimović
89%
Attaquant Chelsea Côte d'Ivoire 21 Didier Drogba
86%
Milieu Milan AC Brésil 8 Kaká
86%
Milieu Liverpool Angleterre 10 Steven Gerrard
86%
Gardien Manchester United Pays Bas 24 Edwin van der Sar
83%
Milieu Chelsea Angleterre 15 Frank Lampard
83%
Milieu Bayern Munich France 16 Franck Ribéry
80%
Défenseur Manchester United Serbie 23 Nemanja Vidic
80%
Attaquant Valence CF Espagne 7 David Villa
77%
Milieu Arsenal Espagne 20 Cesc Fàbregas
73%
Milieu Chelsea Allemagne 19 Michael Ballack
71%
Attaquant Atletico Madrid Argentine 14 Sergio Agüero
70%
Attaquant Arsenal Togo 12 Emmanuel Adebayor
67%
Attaquant Real Madrid Pays Bas 25 Ruud van Nistelrooy
64%
Milieu Zénith Saint-Petersbourg Russie 6 Andreï Archavine
38%
Milieu Villarreal Espagne 11 Marcos Senna
15%
Aucun quiz correspondant
Distribution des résultats
% des personnes avec chaque résultat
Percentile par nombre de réponses
Votre historique - résultats
Vous n’avez pas pris ce quiz